[Event "European Rapid 2017"]
[Site "Katowice POL"]
[Date "2017.12.16"]
[Round "3.56"]
[White "Zwardon, Vojtech"]
[Black "Orzechowski, Jacek"]
[Result "1-0"]
[WhiteTitle "IM"]
[WhiteElo "2408"]
[BlackElo "2117"]
[WhiteFideId "325511"]
[BlackFideId "1101951"]
[EventDate "2017.12.16"]

1. c4 c6 2. Nc3 d5 3. d4 Nf6 4. cxd5 cxd5 5. Bf4 Nc6 6. Rc1 e6 7. e3 Bd6 8. Bxd6
Qxd6 9. f4 Bd7 10. Bd3 Rc8 11. Nf3 a6 12. O-O b5 13. Ne5 Na5 14. Nxb5 axb5 15.
Rxc8+ Bxc8 16. Bxb5+ Ke7 17. Qa4 Nc4 18. Bxc4 dxc4 19. Nxc4 Bd7 20. Qa5 Qc6 21.
Qb4+ Kd8 22. Ne5 Qc2 23. Nxf7+ Kc7 24. Nxh8 Bc6 25. Qe7+ Kb8 26. Qxg7 Ne4 27.
Qf8+ Kc7 28. Qe7+ Kb6 29. Qb4+ Kc7 30. Qe1 Nd6 31. Rf2 Qf5 32. a4 Qf6 33. Qa5+
Kd7 34. Qa7+ Nb7 35. a5 Qf5 36. Nf7 Qxf7 37. a6 Qf5 38. axb7 1-0

[Event "European Rapid 2017"]
[Site "Katowice POL"]
[Date "2017.12.16"]
[Round "3.57"]
[White "Novosadova, Kristyna"]
[Black "Vavulin, Maksim"]
[Result "0-1"]
[BlackTitle "IM"]
[WhiteElo "2224"]
[BlackElo "2575"]
[WhiteFideId "328065"]
[BlackFideId "4169530"]
[EventDate "2017.12.16"]

1. e4 Nf6 2. e5 Nd5 3. c4 Nb6 4. d4 d6 5. exd6 exd6 6. Nc3 Be7 7. Nf3 O-O 8. Bd3
Bg4 9. Be3 Nc6 10. a3 Bf6 11. h3 Bh5 12. g4 Bg6 13. g5 Be7 14. d5 Nb8 15. h4 Bh5
16. Ne4 N8d7 17. b3 c6 18. Be2 cxd5 19. cxd5 Rc8 20. Rg1 f5 21. gxf6 Bxf6 22.
Nxf6+ Nxf6 23. Ng5 Bxe2 24. Qxe2 Qc7 25. Bd4 Nbxd5 26. Ne6 Qa5+ 27. b4 Qa6 28.
Qxa6 bxa6 29. Nxf8 Kxf8 30. Bxa7 Rc2 31. Kd1 Rc4 32. Rc1 Rxh4 33. Rc8+ Kf7 34.
Rb8 g6 35. Rb7+ Ke6 36. Re1+ Kf5 37. Bb8 Rf4 38. Bxd6 Rxf2 39. Re5+ Kg4 40. Rf7
Ra2 41. Be7 Nc3+ 42. Ke1 Nfe4 43. Rxe4+ Nxe4 44. Rxh7 Rxa3 45. Rh4+ Kf5 46. Ke2
g5 47. Rh8 g4 48. b5 Ng3+ 49. Kf2 Ne4+ 50. Ke2 Ng3+ 51. Kf2 Rf3+ 52. Kg2 axb5
53. Rf8+ Ke6 54. Rxf3 gxf3+ 55. Kxg3 Kxe7 56. Kxf3 Kd6 57. Ke4 Kc5 58. Kd3 Kb4
59. Kc2 Ka3 60. Kb1 b4 61. Ka1 b3 62. Kb1 b2 0-1

[Event "European Rapid 2017"]
[Site "Katowice POL"]
[Date "2017.12.16"]
[Round "3.58"]
[White "Brodowski, Piotr"]
[Black "Slabek, Grzegorz"]
[Result "1-0"]
[WhiteTitle "IM"]
[WhiteElo "2430"]
[BlackElo "1956"]
[WhiteFideId "1124480"]
[BlackFideId "1105531"]
[EventDate "2017.12.16"]

1. d4 Nf6 2. c4 c6 3. Nf3 d5 4. e3 e6 5. Nc3 Be7 6. b3 O-O 7. Bb2 b6 8. Bd3 Bb7
9. O-O Nbd7 10. Qe2 c5 11. cxd5 cxd4 12. Nxd4 Nxd5 13. Nxd5 Bxd5 14. Rfd1 Bf6
15. e4 Bb7 16. Bb5 Qe7 17. Nf5 exf5 18. Rxd7 Qxe4 19. Qxe4 Bxe4 20. Bxf6 gxf6
21. f3 a6 22. Bf1 Bc6 23. Rd6 Bb5 24. Rxb6 Bxf1 25. Kxf1 Kg7 26. Re1 Ra7 27. Re2
Rc8 28. Rb4 Rc5 29. Ra4 Kg6 30. Kf2 Rb5 31. Kg3 a5 32. Rc2 Rd7 33. Rac4 Rdd5 34.
Kf4 Rb4 35. Rxb4 axb4 36. Ke3 Kg5 37. g3 f4+ 38. gxf4+ Kf5 39. h4 Rb5 40. Rc7
Ke6 41. Ra7 h5 42. Ke4 f5+ 43. Ke3 Rb6 44. Ra5 f6 45. Ra7 Rc6 46. Kf2 Rc2+ 47.
Kg3 Kd5 48. Ra6 Kd4 49. a3 Ra2 50. Ra4 Rxa3 51. Rxb4+ Kd3 52. Rb6 Ke2 53. Re6+
Kf1 54. Rxf6 Rxb3 55. Rxf5 Rb2 56. Rxh5 Rg2+ 57. Kh3 Kf2 58. Rg5 1-0

[Event "European Rapid 2017"]
[Site "Katowice POL"]
[Date "2017.12.16"]
[Round "3.59"]
[White "Player, Edmund C"]
[Black "Shkapenko, Pavel"]
[Result "0-1"]
[BlackTitle "IM"]
[WhiteElo "2174"]
[BlackElo "2431"]
[WhiteFideId "406520"]
[BlackFideId "4151933"]
[EventDate "2017.12.16"]

1. e4 e5 2. Nf3 Nc6 3. Bb5 Bc5 4. d3 Nge7 5. c3 O-O 6. d4 exd4 7. cxd4 Bb4+ 8.
Nc3 d5 9. e5 Bg4 10. Be2 Ba5 11. Be3 Nf5 12. Qa4 Bb6 13. O-O-O Nxe3 14. fxe3 Be6
15. h4 Ne7 16. Qc2 Nf5 17. Qd2 Ng3 18. Rhg1 c5 19. Bd3 cxd4 20. exd4 Rc8 21. Kb1
Ba5 22. Rc1 Ne4 23. Bxe4 dxe4 24. Ng5 Bf5 25. Qe3 Bb6 26. Rcd1 Rc4 27. Ne2 h6
28. g4 Bg6 29. h5 Qxg5 30. Qxg5 hxg5 31. hxg6 f6 32. Rg3 fxe5 33. dxe5 Rf2 34.
Nc3 Rd4 35. Rc1 Rdd2 36. Na4 Bd4 37. Rb3 b6 38. e6 Kf8 39. Rc7 e3 40. e7+ Ke8
41. Rxa7 Rf1# 0-1

[Event "European Rapid 2017"]
[Site "Katowice POL"]
[Date "2017.12.16"]
[Round "3.60"]
[White "Valsecchi, Alessio"]
[Black "Nowicki, Bartosz"]
[Result "1-0"]
[WhiteTitle "IM"]
[WhiteElo "2501"]
[BlackElo "2284"]
[WhiteFideId "818860"]
[BlackFideId "1179730"]
[EventDate "2017.12.16"]

1. e4 c5 2. Nf3 d6 3. Bb5+ Nd7 4. O-O a6 5. Bd3 Ngf6 6. Re1 g6 7. a4 b6 8. c3
Bg7 9. Bc2 O-O 10. h3 Bb7 11. d3 Qc7 12. Na3 e5 13. Nc4 d5 14. exd5 Nxd5 15. Bd2
b5 16. Ne3 Qd6 17. Nxd5 Qxd5 18. d4 Qd6 19. Nxe5 Nxe5 20. dxe5 Bxe5 21. Bg5 Rfe8
22. Qxd6 Bxd6 23. Red1 Re6 24. Be3 c4 25. axb5 axb5 26. Rxa8+ Bxa8 27. b3 Kg7
28. bxc4 bxc4 29. Ba4 Be5 30. Bd4 Bxd4 31. Rxd4 Re1+ 32. Kh2 Re4 33. Rd8 Bb7 34.
Bb5 Re2 35. Rd7 Ba8 36. Rxf7+ Kh6 37. Bxc4 Rc2 38. Ra7 Be4 39. Re7 Ba8 40. Bg8
Rxf2 41. h4 Rxg2+ 42. Kh3 g5 43. Rxh7+ Kg6 44. h5+ Kf5 45. Rf7+ Ke5 46. Ra7 g4+
47. Kh4 Bf3 48. Kg5 Rh2 49. Re7+ Kd6 50. Re3 Rh3 51. Be6 Bg2 52. Rxh3 gxh3 53.
Bxh3 Bd5 54. h6 Bg8 55. Kf6 Bh7 56. Bf5 Bg8 57. Kg7 1-0

[Event "European Rapid 2017"]
[Site "Katowice POL"]
[Date "2017.12.16"]
[Round "3.61"]
[White "Stanisz, Patryk"]
[Black "Kovalev, Denis"]
[Result "1/2-1/2"]
[BlackTitle "IM"]
[WhiteElo "2150"]
[BlackElo "2504"]
[WhiteFideId "1123106"]
[BlackFideId "14104059"]
[EventDate "2017.12.16"]

1. d4 d5 2. c4 c6 3. Nf3 Nf6 4. Nc3 dxc4 5. a4 Bf5 6. e3 e6 7. Bxc4 Nbd7 8. O-O
Bb4 9. h3 O-O 10. Qb3 a5 11. Na2 Be7 12. Qxb7 Rb8 13. Qa6 Ra8 14. Qb7 Rb8 1/2-1/2

[Event "European Rapid 2017"]
[Site "Katowice POL"]
[Date "2017.12.16"]
[Round "3.62"]
[White "Feuerstack, Aljoscha"]
[Black "Quilter, Thomas A"]
[Result "1-0"]
[WhiteTitle "IM"]
[WhiteElo "2438"]
[BlackElo "2195"]
[WhiteFideId "4681932"]
[BlackFideId "408530"]
[EventDate "2017.12.16"]

1. e4 e5 2. Bc4 Bc5 3. Nc3 d6 4. d3 Nc6 5. f4 exf4 6. Bxf4 Nf6 7. Qd2 Na5 8.
Bb5+ c6 9. d4 Bb4 10. Bd3 d5 11. Bg5 dxe4 12. Bf1 h6 13. Bxf6 Qxf6 14. a3 Bxc3
15. Qxc3 b6 16. O-O-O O-O 17. Re1 Rd8 18. Ne2 Ba6 19. Ng3 Bxf1 20. Rhxf1 Qxd4
21. Qxd4 Rxd4 22. Nf5 Rd7 23. Rxe4 Nb7 24. Ne7+ Kf8 25. Ng6+ Kg8 26. Ne7+ Kf8
27. Nxc6 Nc5 28. Re3 f6 29. b4 Nb7 30. Rfe1 b5 31. Re7 Rxe7 32. Rxe7 Nd6 33. Rc7
Nc4 34. a4 Re8 35. c3 Re1+ 36. Kc2 Re2+ 37. Kd3 Rd2+ 38. Ke4 a6 39. axb5 axb5
40. Nd4 Nd6+ 41. Kf3 Ne8 42. Ne6+ Kg8 43. Re7 Nd6 44. Rxg7+ Kh8 45. Rd7 Nc4 46.
Rxd2 Nxd2+ 47. Ke3 Nf1+ 48. Kf4 Nxh2 49. c4 bxc4 50. b5 c3 51. Nd4 h5 52. b6 Ng4 1-0

[Event "European Rapid 2017"]
[Site "Katowice POL"]
[Date "2017.12.16"]
[Round "3.63"]
[White "Karpus, Michal"]
[Black "Zorko, Jure"]
[Result "0-1"]
[WhiteTitle "FM"]
[BlackTitle "IM"]
[WhiteElo "2328"]
[BlackElo "2457"]
[WhiteFideId "1174088"]
[BlackFideId "14604051"]
[EventDate "2017.12.16"]

1. e4 e5 2. Nf3 Nc6 3. Bb5 Nf6 4. d3 Bc5 5. c3 O-O 6. O-O Re8 7. Nbd2 a6 8. Ba4
h6 9. h3 b5 10. Bb3 d6 11. Re1 Be6 12. a4 Bxb3 13. Qxb3 b4 14. Nc4 d5 15. Ncd2
Qd7 16. exd5 Qxd5 17. Qxd5 Nxd5 18. Ne4 Bf8 19. Bd2 f5 20. Ng3 g6 21. h4 h5 22.
Nf1 Rad8 23. Bg5 Rd7 24. Rec1 bxc3 25. bxc3 Bg7 26. Ra3 Na5 27. N1d2 e4 28. dxe4
fxe4 29. Nd4 c5 30. Ne2 e3 31. Nf3 exf2+ 32. Kxf2 Nb6 33. Ra2 Re4 34. Rb1 Rd6
35. Bf4 Rc6 36. Ng5 Re8 37. Rab2 Nac4 38. Ra2 Nd5 39. g3 Nxc3 40. Nxc3 Bxc3 41.
Rb7 Bd4+ 42. Kf3 Rb6 43. Rc7 Rb3+ 44. Kg2 Ne3+ 45. Bxe3 Rbxe3 46. Rc6 Kg7 47.
Rf2 R3e7 48. Rc2 a5 49. Ra6 Re1 50. Ra7+ R8e7 51. Rxe7+ Rxe7 52. Kf3 Re3+ 53.
Kf4 Ra3 54. Ne6+ Kf6 55. Nxd4 cxd4 56. Rc4 d3 57. Rd4 Ke6 58. Ke3 d2+ 59. Kxd2
Rxg3 60. Rd8 Rg4 61. Rg8 0-1

[Event "European Rapid 2017"]
[Site "Katowice POL"]
[Date "2017.12.16"]
[Round "3.64"]
[White "Zelcic, Robert"]
[Black "Herman, Jean"]
[Result "0-1"]
[WhiteTitle "GM"]
[WhiteElo "2501"]
[BlackElo "2255"]
[WhiteFideId "14500310"]
[BlackFideId "263036"]
[EventDate "2017.12.16"]

1. e4 c5 2. Nf3 Nc6 3. d4 cxd4 4. Nxd4 g6 5. c4 Nf6 6. Nc3 d6 7. Nc2 Bg7 8. Be2
O-O 9. O-O a5 10. Rb1 a4 11. Be3 Qa5 12. Qd2 Be6 13. f3 Rfc8 14. b4 axb3 15.
axb3 Nd7 16. b4 Qd8 17. f4 Nb6 18. Nd5 Bxd5 19. cxd5 Nb8 20. Nd4 Nc4 21. Bxc4
Rxc4 22. Rfc1 Rxc1+ 23. Rxc1 Nd7 24. h3 Rc8 25. Nb5 Nf6 26. Rxc8 Qxc8 27. e5 Ne4
28. Qd3 f5 29. e6 Qa8 30. Qc4 Qa1+ 31. Kh2 Qe1 32. Qc8+ Bf8 33. Qc1 Qxb4 34. Nc7
Qb3 35. Bd4 Qg3+ 36. Kg1 Bh6 37. Be3 g5 38. fxg5 Bxg5 39. Bxg5 Qxg5 40. Qa3 Kg7
41. Ne8+ Kh6 42. Nc7 Qg3 43. Qa1 f4 44. Qh8 Qg7 45. Qe8 f3 46. g4 Qd4+ 47. Kh1
Ng3+ 0-1

[Event "European Rapid 2017"]
[Site "Katowice POL"]
[Date "2017.12.16"]
[Round "3.65"]
[White "Obrusnik, Michal"]
[Black "Dobrowolski, Piotr"]
[Result "0-1"]
[WhiteTitle "FM"]
[BlackTitle "IM"]
[WhiteElo "2268"]
[BlackElo "2421"]
[WhiteFideId "1136674"]
[BlackFideId "1106236"]
[EventDate "2017.12.16"]

1. e4 e6 2. d4 d5 3. Nc3 Nf6 4. Bg5 Be7 5. e5 Nfd7 6. Bxe7 Qxe7 7. f4 a6 8. Nf3
c5 9. Qd2 Nc6 10. dxc5 Nxc5 11. Bd3 O-O 12. O-O-O b5 13. Kb1 b4 14. Ne2 a5 15.
Ned4 Nxd4 16. Nxd4 Ba6 17. Qe3 Rfc8 18. f5 b3 19. axb3 Bxd3 20. cxd3 a4 21. f6
Qf8 22. fxg7 Qe7 23. b4 Nb3 24. Rhf1 Qxb4 25. Nc2 Rxc2 26. Kxc2 a3 27. Rf4 d4
28. Qe4 Rc8+ 29. Kb1 a2+ 0-1

[Event "European Rapid 2017"]
[Site "Katowice POL"]
[Date "2017.12.16"]
[Round "3.66"]
[White "Kreisl, Robert"]
[Black "Rawicz, Karol"]
[Result "1-0"]
[WhiteTitle "IM"]
[BlackTitle "FM"]
[WhiteElo "2440"]
[BlackElo "2164"]
[WhiteFideId "1613880"]
[BlackFideId "1141791"]
[EventDate "2017.12.16"]

1. Nf3 d5 2. g3 Nf6 3. Bg2 g6 4. O-O Bg7 5. d4 O-O 6. c3 Nbd7 7. Bf4 Nh5 8. Be3
c6 9. a4 Re8 10. Nbd2 e5 11. dxe5 Nxe5 12. Nxe5 Bxe5 13. Nf3 Bf6 14. a5 Ng7 15.
Re1 Nf5 16. Bf4 Nd6 17. Nd4 a6 18. Qb3 Nc4 19. e4 Nxa5 20. Qa4 Nc4 21. exd5
Rxe1+ 22. Rxe1 Nb6 23. Qa5 cxd5 24. Qc5 Na4 25. Qb4 Bd7 26. Bxd5 1-0

[Event "European Rapid 2017"]
[Site "Katowice POL"]
[Date "2017.12.16"]
[Round "3.67"]
[White "Kolesnikovs, Ivans"]
[Black "Kanarek, Marcel"]
[Result "1-0"]
[BlackTitle "GM"]
[WhiteElo "1996"]
[BlackElo "2505"]
[WhiteFideId "11602244"]
[BlackFideId "1126822"]
[EventDate "2017.12.16"]

1. e4 c5 2. Nf3 Nc6 3. d4 cxd4 4. Nxd4 g6 5. c4 Nf6 6. Nc3 d6 7. Nc2 Bg7 8. Be2
O-O 9. O-O Nd7 10. Kh1 Nc5 11. f3 a5 12. Rb1 Be6 13. Qd2 Nb4 14. Nd4 Qb6 15. a3
Nc6 16. Ndb5 Nb3 17. Qg5 Nxc1 18. Rfxc1 a4 19. f4 Qe3 20. Re1 h6 21. Qh4 g5 22.
fxg5 Qxg5 23. Qf2 f5 24. Nc7 fxe4 25. Nxe6 Rxf2 26. Nxg5 Bxc3 27. bxc3 hxg5 28.
Rxb7 Rf5 29. Rc7 Rc5 30. Bg4 Rb8 31. h3 Rb3 32. Be6+ Kg7 33. Bd5 Ne5 34. Rxe7+
Kf8 35. Re6 Rxa3 36. Rf1+ Kg7 37. Re7+ Kh6 38. Rf6+ Ng6 39. Bxe4 Ra1+ 40. Kh2 1-0

[Event "European Rapid 2017"]
[Site "Katowice POL"]
[Date "2017.12.16"]
[Round "3.68"]
[White "Sergeev, Vladimir"]
[Black "Kruszynski, Wlodzimierz"]
[Result "1/2-1/2"]
[WhiteTitle "GM"]
[BlackTitle "IM"]
[WhiteElo "2406"]
[BlackElo "2313"]
[WhiteFideId "14101076"]
[BlackFideId "1100670"]
[EventDate "2017.12.16"]

1. d4 Nf6 2. Nf3 e6 3. c4 Bb4+ 4. Nbd2 O-O 5. a3 Be7 6. g3 b6 7. Bg2 Bb7 8. O-O
c5 9. b3 cxd4 10. Bb2 Qc7 11. Nxd4 Bxg2 12. Kxg2 Qb7+ 13. Kg1 Nc6 14. e3 d5 15.
Nxc6 Qxc6 16. Rc1 Rfd8 17. Qf3 Rac8 18. Rfd1 dxc4 19. Qxc6 Rxc6 20. Nxc4 Rxd1+
21. Rxd1 b5 22. Na5 Rc2 23. Bxf6 gxf6 24. b4 Kf8 25. Rd7 Rc3 26. Rxa7 Rxa3 27.
Rb7 Bxb4 28. Nc6 Ra1+ 29. Kg2 Be1 30. Kf1 Bc3+ 31. Ke2 Ra2+ 32. Kf1 Ra1+ 33. Ke2
Ra2+ 34. Kf1 Ra1+ 35. Ke2 Ra2+ 1/2-1/2

[Event "European Rapid 2017"]
[Site "Katowice POL"]
[Date "2017.12.16"]
[Round "3.69"]
[White "Sliwicki, Damian"]
[Black "Kourousis, Epaminondas"]
[Result "0-1"]
[BlackTitle "IM"]
[WhiteElo "2148"]
[BlackElo "2393"]
[WhiteFideId "1127128"]
[BlackFideId "4211626"]
[EventDate "2017.12.16"]

1. e4 c6 2. c4 d5 3. exd5 Nf6 4. Nc3 cxd5 5. d4 e6 6. Nf3 Be7 7. Bd3 dxc4 8.
Bxc4 a6 9. O-O b5 10. Bb3 Bb7 11. Re1 O-O 12. Bg5 Nc6 13. Bc2 Nb4 14. Bxf6 Bxf6
15. Be4 Bxe4 16. Nxe4 Nd5 17. Ne5 Rc8 18. Qd2 Be7 19. a3 Nf6 20. Qf4 Nxe4 21.
Qxe4 Bf6 22. Rad1 Qd6 23. g3 Rfd8 24. Kg2 g6 25. h4 Qd5 26. Qf3 Rc2 27. Qxd5
Rxd5 28. Ng4 Bxd4 29. Re4 Bxb2 30. Rxd5 exd5 31. Re8+ Kg7 32. Ra8 Bd4 33. Rxa6
h5 34. Nh2 Rxf2+ 35. Kh1 Be5 36. Kg1 Bxg3 37. Nf1 Bxh4 38. Rb6 Rb2 39. Rb7 d4
40. a4 b4 41. a5 d3 42. a6 Bf2+ 43. Kh1 d2 44. a7 d1=Q 0-1

[Event "European Rapid 2017"]
[Site "Katowice POL"]
[Date "2017.12.16"]
[Round "3.70"]
[White "Wilk, Krzysztof"]
[Black "Pena Gomez, Manuel"]
[Result "1-0"]
[BlackTitle "IM"]
[WhiteElo "2125"]
[BlackElo "2491"]
[WhiteFideId "1116193"]
[BlackFideId "2252813"]
[EventDate "2017.12.16"]

1. b4 a5 2. b5 a4 3. e3 Nf6 4. c4 e6 5. Nc3 a3 6. Nf3 d5 7. d4 b6 8. cxd5 Nxd5
9. Bd2 Bb7 10. Qb3 Be7 11. Bc4 O-O 12. Nxd5 exd5 13. Bd3 c5 14. bxc6 Nxc6 15.
Rb1 Ba6 16. Bxa6 Rxa6 17. Qb5 Nb8 18. Ne5 Qd6 19. Bb4 Qe6 20. Bxe7 Qxe7 21. Qxd5
Rc8 22. O-O Ra5 23. Qb3 Nd7 24. Rfc1 Raa8 25. Rxc8+ Rxc8 26. Nxd7 Qxd7 27. Qxa3
Qd5 28. h3 Ra8 29. Qb3 Qxb3 30. Rxb3 Rxa2 31. Rxb6 h5 32. g3 g6 33. Kg2 Kf8 34.
g4 h4 35. g5 Ke7 36. Kf3 Kf8 37. Rf6 Ra1 38. Rf4 Ra5 39. Kg4 Ke8 40. Kxh4 f5 41.
e4 Ke7 42. exf5 gxf5 43. Kh5 Kf7 44. Kh6 Ra6+ 45. Kh7 Ra5 46. h4 Rd5 47. h5 Ra5
48. d5 Rxd5 49. Ra4 Rd7 50. Ra6 f4 51. Rf6+ Ke8+ 52. Kg6 Rd4 53. h6 f3 54. h7
Rh4 55. Kg7 1-0

[Event "European Rapid 2017"]
[Site "Katowice POL"]
[Date "2017.12.16"]
[Round "3.71"]
[White "Djuric, Stefan"]
[Black "Sotsky, Alexander"]
[Result "1-0"]
[WhiteTitle "GM"]
[BlackTitle "IM"]
[WhiteElo "2383"]
[BlackElo "2333"]
[WhiteFideId "900133"]
[BlackFideId "4130715"]
[EventDate "2017.12.16"]

1. e4 e6 2. d4 d5 3. Nc3 dxe4 4. Nxe4 Bd7 5. a4 Bc6 6. Bb5 Nf6 7. Nxf6+ Qxf6 8.
Nf3 a6 9. Be2 h6 10. O-O Bd6 11. c4 O-O 12. Bd2 Rd8 13. Bc3 Bxf3 14. Bxf3 c6 15.
Qe2 Qg5 16. a5 Nd7 17. b4 Rac8 18. Rab1 Nf8 19. g3 Ng6 20. Kh1 Bb8 21. Be4 Ba7
22. Rbd1 f5 23. Bf3 Qf6 24. Qb2 Bb8 25. Rfe1 f4 26. Bg4 fxg3 27. hxg3 Rc7 28.
Rxe6 Qg5 29. Qe2 Rf7 30. Bd2 Nf4 31. Bxf4 Bxf4 32. Re8+ Kh7 33. Rxd8 Qxd8 34.
gxf4 Qh4+ 35. Kg2 Rxf4 36. f3 Qg5 37. d5 h5 38. Rh1 g6 39. d6 Kg8 40. d7 hxg4
41. Qe8+ Rf8 42. Rh8+ Kxh8 43. Qxf8+ Kh7 44. d8=Q gxf3+ 45. Kxf3 1-0

[Event "European Rapid 2017"]
[Site "Katowice POL"]
[Date "2017.12.16"]
[Round "3.72"]
[White "Dorokhin, Mykhailo"]
[Black "Licznerski, Lukasz"]
[Result "0-1"]
[BlackTitle "FM"]
[WhiteElo "2243"]
[BlackElo "2267"]
[WhiteFideId "14114178"]
[BlackFideId "1179250"]
[EventDate "2017.12.16"]

1. e4 c6 2. d4 d5 3. e5 c5 4. dxc5 e6 5. Bd3 Nc6 6. Nf3 Bxc5 7. a3 f6 8. b4 Bb6
9. Bb2 fxe5 10. Nxe5 Nxe5 11. Bxe5 Nf6 12. O-O O-O 13. Nd2 Bd7 14. c4 Be8 15. h3
Rc8 16. Qb3 dxc4 17. Nxc4 Qd5 18. Rad1 Rxc4 19. Bxf6 Rd4 20. Qxd5 Rxd5 21. Bh4
Ba4 22. Rd2 g5 23. Bg3 Rfd8 24. Bc2 Rxd2 25. Bxa4 R8d3 26. Kh2 Rxa3 27. Bb5 Rc3
28. h4 h6 29. hxg5 hxg5 30. Be8 Bc7 31. Bxc7 Rxc7 32. Kg3 Kg7 33. b5 Rc3+ 34.
Kg4 Rd4+ 35. Kh5 Rd8 0-1

[Event "European Rapid 2017"]
[Site "Katowice POL"]
[Date "2017.12.16"]
[Round "3.73"]
[White "Polivanov, Anatoliy"]
[Black "Baliasnyj, Timur"]
[Result "1-0"]
[WhiteTitle "IM"]
[WhiteElo "2383"]
[BlackElo "2220"]
[WhiteFideId "14109468"]
[BlackFideId "12802719"]
[EventDate "2017.12.16"]

1. d4 Nf6 2. c4 c5 3. d5 b5 4. Bg5 Ne4 5. Bf4 d6 6. f3 Qa5+ 7. Nd2 Nxd2 8. Bxd2
Qb6 9. e4 b4 10. Bd3 g6 11. Ne2 Bg7 12. Qc2 a5 13. O-O O-O 14. Rab1 a4 15. a3
Bd7 16. Bg5 Re8 17. f4 Na6 18. f5 Be5 19. Kh1 Rab8 20. Ng1 Qc7 21. Nf3 f6 22.
Nxe5 dxe5 23. Be3 bxa3 24. bxa3 Rxb1 25. Rxb1 Rb8 26. fxg6 hxg6 27. Rb5 Qd6 28.
Qf2 Bxb5 29. cxb5 c4 30. Bxc4 Rc8 31. Qe2 Nc5 32. Qg4 f5 33. exf5 Nd7 34. f6
Qxf6 35. d6+ Kg7 36. Qxd7 Rxc4 37. dxe7 Rc1+ 38. Bg1 Qb6 1-0

[Event "European Rapid 2017"]
[Site "Katowice POL"]
[Date "2017.12.16"]
[Round "3.74"]
[White "Ulanowski, Karol"]
[Black "Jahncke, Giso"]
[Result "0-1"]
[BlackTitle "FM"]
[WhiteElo "2149"]
[BlackElo "2403"]
[WhiteFideId "1108964"]
[BlackFideId "24608289"]
[EventDate "2017.12.16"]

1. e4 e5 2. Nf3 Nc6 3. d4 exd4 4. Nxd4 Nf6 5. Nxc6 bxc6 6. e5 Qe7 7. Qe2 Nd5 8.
c4 Ba6 9. Qe4 Nb4 10. Nc3 d5 11. cxd5 cxd5 12. Nxd5 Nxd5 13. Qxd5 Qb4+ 14. Bd2
Qb7 15. Bb5+ Qxb5 16. Qxa8+ Kd7 17. O-O-O Ba3 18. Bc3+ Ke6 19. Qxh8 Qc6 20. Qxg7
Qxc3+ 0-1

[Event "European Rapid 2017"]
[Site "Katowice POL"]
[Date "2017.12.16"]
[Round "3.1"]
[White "Kossobudzki, Robert"]
[Black "Konopka, Michal"]
[Result "0-1"]
[BlackTitle "IM"]
[WhiteElo "2134"]
[BlackElo "2381"]
[WhiteFideId "1107887"]
[BlackFideId "308633"]
[EventDate "2017.12.16"]

1. b4 e5 2. a3 d5 3. Bb2 Nd7 4. Nf3 Bd6 5. e3 Ngf6 6. c4 c6 7. d4 Qe7 8. Be2 O-O
9. Nc3 a5 10. b5 dxc4 11. Bxc4 e4 12. Nd2 Nb6 13. Be2 Bf5 14. h3 Rfd8 15. Qb1
Nbd5 16. Nc4 Bc7 17. Kf1 Qe6 18. Qd1 c5 19. Nxd5 Nxd5 20. Rc1 Rd7 21. Qe1 cxd4
22. Bxd4 b6 23. Rc2 Rad8 24. Qa1 f6 25. g4 Bg6 26. h4 Nf4 27. h5 Bf7 28. Rg1 Nd3
29. Nd2 Rxd4 30. exd4 Bf4 31. Qc3 Nxf2 32. Bc4 Qe7 33. Bxf7+ Qxf7 34. Kxf2 e3+
35. Kf3 Bh2 36. Rg2 exd2 37. Rgxd2 Qd5+ 38. Kf2 Bf4 39. Rd3 Qh1 40. Qc6 Qh4+ 41.
Kf3 Qg3+ 42. Ke2 Qxg4+ 43. Qf3 Re8+ 44. Kf2 Qh4+ 45. Kg2 Qh2+ 46. Kf1 Qxc2 47.
Rc3 Qe4 48. Qxe4 Rxe4 49. Rc6 Rxd4 50. Rxb6 Ra4 51. Rc6 Rxa3 52. Rc4 Be5 53. b6
h6 54. Rc5 Rb3 55. Rxa5 Rxb6 56. Kg2 Rb3 57. Ra7 Rg3+ 58. Kf2 Bd4+ 59. Kxg3 Bxa7
60. Kf4 Kf7 61. Kf5 Bb6 62. Kf4 Ke6 63. Ke4 f5+ 64. Kf4 Kf6 65. Kg3 Kg5 66. Kh3
Kxh5 67. Kg3 g5 68. Kh3 g4+ 69. Kg2 f4 70. Kh2 Kh4 71. Kg2 g3 72. Kh1 Kg4 73.
Kg2 f3+ 74. Kh1 g2+ 75. Kh2 g1=Q# 0-1

[Event "European Rapid 2017"]
[Site "Katowice POL"]
[Date "2017.12.16"]
[Round "3.2"]
[White "Wieczorek, Oskar"]
[Black "Bekasovs, Rihards"]
[Result "1-0"]
[WhiteTitle "IM"]
[WhiteElo "2463"]
[BlackElo "2009"]
[WhiteFideId "1133950"]
[BlackFideId "11606029"]
[EventDate "2017.12.16"]

1. e4 e6 2. d4 d5 3. Nd2 c5 4. exd5 Qxd5 5. dxc5 Bxc5 6. Ngf3 Nf6 7. Bc4 Qd6 8.
O-O O-O 9. Qe2 Nc6 10. Nb3 Bb6 11. Bg5 Qe7 12. a4 Bd7 13. Rfd1 Rfd8 14. a5 Bc7
15. a6 bxa6 16. Bxa6 Bb6 17. c3 Bc8 18. Bd3 Bb7 19. Nbd2 h6 20. Bh4 g5 21. Bg3
Kg7 22. Nc4 Bc7 23. Nfe5 Nxe5 24. Nxe5 Rdc8 25. h4 Nd5 26. hxg5 hxg5 27. Be4 Bb6
28. c4 Nf6 29. Bxb7 Qxb7 30. Qd2 Ne4 31. Qd3 Rd8 32. Qf3 f6 33. Nd7 Rxd7 34.
Rxd7+ Qxd7 35. Qxe4 Rc8 36. b4 Bd4 37. Rc1 e5 38. c5 Rc7 39. c6 Qd6 40. b5 Qa3
41. Rd1 Rf7 42. Qf5 Qb3 43. Qd3 Qd5 44. Qc2 Rc7 45. Qa4 Qc5 46. Rxd4 1-0

[Event "European Rapid 2017"]
[Site "Katowice POL"]
[Date "2017.12.16"]
[Round "3.3"]
[White "Weber, Robert"]
[Black "D'Costa, Lorin A R"]
[Result "0-1"]
[BlackTitle "IM"]
[WhiteElo "2125"]
[BlackElo "2391"]
[WhiteFideId "1124331"]
[BlackFideId "409219"]
[EventDate "2017.12.16"]

1. d4 Nf6 2. Nf3 g6 3. c4 Bg7 4. Nc3 d5 5. Bf4 O-O 6. e3 c5 7. dxc5 Qa5 8. Be2
Ne4 9. O-O Nxc3 10. bxc3 dxc4 11. Bxc4 Qxc5 12. Qd5 Nd7 13. Rab1 Qxd5 14. Bxd5
Nb6 15. c4 Re8 16. Bc7 Nxd5 17. cxd5 b6 18. e4 Ba6 19. Rfd1 Rac8 20. Rbc1 Bh6
21. Rc3 f6 22. e5 Be2 23. Re1 Bxf3 24. gxf3 Bd2 25. Rec1 Bxc1 26. Rxc1 fxe5 27.
Rc6 Rf8 28. Bxe5 Rxc6 29. dxc6 Kf7 30. Kg2 Ke6 31. Bg3 Kd5 32. c7 Rc8 33. Kh3 e5
34. Kg4 Rxc7 35. Kg5 Rf7 36. Kh6 b5 0-1